[Event "GER-chT U10"]
[Site "Magdeburg"]
[Date "2014.12.29"]
[Round "7.1"]
[White "Tabarelli, Tom"]
[Black "Kassebaum, Elias Konstantin"]
[Result "0-1"]
[WhiteElo "760"]
[BlackElo "895"]
[PlyCount "86"]
[EventDate "2014.12.27"]
[EventType "team-swiss"]
[EventRounds "7"]
[EventCountry "GER"]
[SourceTitle "EXT 2016"]
[Source "ChessBase"]
[SourceDate "2015.10.08"]
[SourceVersion "1"]
[SourceVersionDate "2015.10.08"]
[SourceQuality "1"]
[WhiteTeam "Hettstedt"]
[BlackTeam "Buende"]
[WhiteTeamCountry "GER"]
[BlackTeamCountry "GER"]

1. d4 Nf6 2. Bf4 g6 3. Nc3 Bg7 4. Nb5 d6 5. Nf3 0-0 6. Nc3 Nbd7 7. e4 Nh5 8. Bb5 Nxf4 9. Bxd7 Qxd7 10. Nh4 c6 11. h3 b5 12. Qg4 Qxg4 13. hxg4 Bxd4 14. Kd2 b4 15. Rh2 bxc3+ 16. bxc3 Bxf2 17. Rah1 Bg3 18. Nxg6 Bxh2 19. Nxf8 Kxf8 20. Rxh2 Kg7 21. Ke3 Ng6 22. g3 Bxg4 23. c4 Rh8 24. Kd4 e5+ 25. Kc3 h5 26. Kb4 h4 27. gxh4 Rxh4 28. Rxh4 Nxh4 29. c5 d5 30. exd5 cxd5 31. Kc3 e4 32. Kd2 f5 33. c6 f4 34. Ke1 e3 35. Kf1 e2+ 36. Kf2 Kf6 37. c7 Ke5 38. a4 Ke4 39. a5 d4 40. c3 dxc3 41. a6 c2 42. Ke1 c1Q+ 43. Kf2 e1Q# 0-1

[Event "GER-chT U10"]
[Site "Magdeburg"]
[Date "2014.12.28"]
[Round "3.1"]
[White "Tabarelli, Tom"]
[Black "Junghans, Richard"]
[Result "0-1"]
[WhiteElo "760"]
[BlackElo "1024"]
[PlyCount "33"]
[EventDate "2014.12.27"]
[EventType "team-swiss"]
[EventRounds "7"]
[EventCountry "GER"]
[SourceTitle "EXT 2016"]
[Source "ChessBase"]
[SourceDate "2015.10.08"]
[SourceVersion "1"]
[SourceVersionDate "2015.10.08"]
[SourceQuality "1"]
[WhiteTeam "Hettstedt"]
[BlackTeam "Leipzig Gruen Weiss III"]
[WhiteTeamCountry "GER"]
[BlackTeamCountry "GER"]

1. d4 d5 2. c4 dxc4 3. Qa4+ c6 4. Qxc4 Be6 5. Qc3 g6 6. Nf3 Bg7 7. Qb4 Qd7 8. Bd2 b6 9. Bc3 Z0 10. Nbd2 Nf6 11. e4 Bg4 12. e5 Bf8 13. exf6 Qe6+ 14. Be2 exf6 15. Qc4 Qxc4 16. Nxc4 Nd7 17. 0-0-0 0-1

[Event "GER-chT U10"]
[Site "Magdeburg"]
[Date "2014.12.28"]
[Round "5.1"]
[White "Tabarelli, Tom"]
[Black "Schlie, Johann"]
[Result "1-0"]
[WhiteElo "760"]
[BlackElo "890"]
[PlyCount "29"]
[EventDate "2014.12.27"]
[EventType "team-swiss"]
[EventRounds "7"]
[EventCountry "GER"]
[SourceTitle "EXT 2016"]
[Source "ChessBase"]
[SourceDate "2015.10.08"]
[SourceVersion "1"]
[SourceVersionDate "2015.10.08"]
[SourceQuality "1"]
[WhiteTeam "Hettstedt"]
[BlackTeam "Hagen II"]
[WhiteTeamCountry "GER"]
[BlackTeamCountry "GER"]

1. e4 e5 2. Nf3 Nc6 3. Bc4 Bc5 4. d3 d6 5. Ng5 Nh6 6. Nc3 f6 7. Nf3 f5 8. Bxh6 gxh6 9. exf5 Bxf5 10. Nh4 Qd7 11. Qh5+ Bg6 12. Nxg6 0-0-0 13. Nxh8 Rxh8 14. Qxh6 Qf5 15. Be6+ 1-0